[Event "36th Zalakaros Festival 2017"]
[Site "Zalakaros"]
[Date "2017.05.22"]
[Round "5"]
[White "Csiki, Endre"]
[Black "Paszewski, Mateusz"]
[Result "1/2-1/2"]
[WhiteElo "2200"]
[BlackElo "2327"]
[Annotator "NA"]
[PlyCount "62"]
[EventDate "2017.??.??"]
[EventType "swiss"]
[EventCountry "HUN"]
[SourceTitle "playchess.com"]
[Source "ChessBase"]
[SourceQuality "1"]
[TimeControl "40/5400+30:1800+30"]

1. d4 {[%emt 0:00:02]} Nf6 {[%emt 0:01:18]} 2. c4 {[%emt 0:00:09]} e6 {[%emt 0:00:02]} 3. Nc3 {[%emt 0:00:07]} Bb4 {[%emt 0:00:04]} 4. Qc2 {[%emt 0:00:06]} O-O {[%emt 0:00:07]} 5. a3 {[%emt 0:00:06]} Bxc3+ {[%emt 0:03:31]} 6. Qxc3 {[%emt 0:00:11]} d5 {[%emt 0:00:02]} 7. Nf3 {[%emt 0:01:47]} dxc4 {[%emt 0:00:16]} 8. Qxc4 {[%emt 0:00:22]} b6 {[%emt 0:00:01]} 9. Bg5 {[%emt 0:03:11]} Ba6 {[%emt 0:00:18]} 10. Qa4 {[%emt 0:00:13]} Qd7 {[%emt 0:05:27]} 11. Qc2 {[%emt 0:01:33]} c5 {[%emt 0:00:35]} 12. dxc5 {[%emt 0:07:52]} Rc8 {[%emt 0:00:59]} 13. Rd1 {[%emt 0:04:40]} Qe7 {[%emt 0:09:35]} 14. Qd2 $11 {[%emt 0:12:27]} Qxc5 {[%emt 0:07:52]} 15. b4 {[%emt 0:18:10]} Qf5 {[%emt 0:05:57]} 16. Nd4 {[%emt 0:18:03]} Qg6 {[%emt 0:06:16]} 17. Bxf6 {[%emt 0:01:38]} Qxf6 {[%emt 0:00:57]} 18. e3 {[%emt 0:03:09]} Bxf1 {[%emt 0:06:24]} 19. Rxf1 {[%emt 0:00:46]} Nc6 {[%emt 0:00:05]} 20. Nxc6 Rxc6 {[%emt 0:00:01]} 21. Ke2 {[%emt 0:01:29]} Rc3 {[%emt 0:03:25]} 22. a4 {[%emt 0:03:43]} Rb3 {[%emt 0:18:21]} 23. Rb1 {[%emt 0:01:59]} Ra3 {[%emt 0:00:01]} 24. Qc2 {[%emt 0:01:54]} Qe5 {[%emt 0:00:41]} 25. Rfc1 {[%emt 0:02:01]} h6 {[%emt 0:00:08]} 26. h3 {[%emt 0:00:24]} Qd5 {[%emt 0:11:50]} 27. Kf1 {[%emt 0:03:27]} Ra2 {[%emt 0:03:27]} 28. Rb2 {[%emt 0:00:35]} Rxb2 {[%emt 0:00:05]} 29. Qxb2 {[%emt 0:00:06]} Rd8 {[%emt 0:01:43]} 30. Kg1 {[%emt 0:02:08]} Qe4 {[%emt 0:05:25]} 31. Qc3 {[%emt 0:05:14]} Qd5 {[%emt 0:01:36]} 1/2-1/2

[Event "36th Zalakaros Festival 2017"]
[Site "Zalakaros"]
[Date "2017.05.22"]
[Round "5"]
[White "Ugroczky, Peter"]
[Black "Blohberger, Felix"]
[Result "1/2-1/2"]
[WhiteElo "2185"]
[BlackElo "2319"]
[Annotator "TA"]
[PlyCount "119"]
[EventDate "2017.??.??"]
[EventType "swiss"]
[EventCountry "HUN"]
[SourceTitle "playchess.com"]
[Source "ChessBase"]
[SourceQuality "1"]

{[%evp 13,119,0,31,13,22,-14,-16,-12,0,-38,-32,-32,-26,-36,-29,-58,-62,-64,-32,-59,-31,-45,-45,-45,-45,-45,-45,-45,-29,-44,-18,-36,-11,-29,-18,-110,-89,-104,-92,-103,-108,-93,-81,-87,-54,-60,-61,-130,-132,-139,-135,-128,-112,-79,-10,-42,-1,-1,0,0,0,0,0,0,0,0,0,0,0,0,0,0,0,0,0,0,0,0,0,0,0,0,0,0,0,0,0,0,0,0,0,0,0,0,0,0,0,0,0,0,0,0,0,0,0,0,0,0]} 1. e4 c5 2. Nf3 d6 3. Bb5+ Nd7 4. d4 cxd4 5. Qxd4 a6 6. Bxd7+ Bxd7 7. O-O Nf6 (7... e5 $5 {[%cal Re5d4]} 8. Qd3 h6 $11) 8. Rd1 $146 {B51: Sicilian: Moscow Variation (3 Bb5+) without 3...Bd7} ({Predecessor:} 8. c4 g6 9. Nc3 Bg7 10. Qd3 O-O 11. a4 Rc8 12. Bd2 Bg4 13. b3 Nd7 14. Rab1 Nc5 15. Qe3 f5 16. exf5 Bxf5 {0-1 (49) Fressinet,L (2668)-Bacrot,E (2696) Balagna 2017}) 8... g6 9. e5 dxe5 $1 10. Nxe5 {[#] And now Qc4 would win.} Be6 $1 11. Be3 Bg7 12. Qxd8+ Rxd8 13. Rxd8+ Kxd8 14. Bb6+ Kc8 15. Nc3 Nd5 16. Nxd5 Bxd5 (16... Bxe5 {feels hotter.} 17. Nxe7+ Kb8 18. Rd1 Bxb2 19. Nc6+ Ka8) 17. Nd3 Bc4 18. Rc1 Kd7 (18... Bxa2 $6 19. b3 $14) 19. b3 Bxd3 20. cxd3 $15 {[%mdl 4096] Endgame KRB-KRB} Be5 21. Kf1 h5 {[%cal Bh7h5,Bh5h4][%mdl 32]} ({Not} 21... Bxh2 22. g3 $16) 22. Ke2 g5 ({Much weaker is} 22... Bxh2 $6 23. g3 $14) 23. Rc5 f6 24. Ke3 (24. h3 $11) 24... Bxh2 $17 25. g3 h4 26. Rc7+ {[#]} Kd6 $1 27. Rc1 f5 28. Kf3 hxg3 29. fxg3 f4 30. gxf4 (30. Bc5+ $15 Kd7 31. Rh1) 30... Bxf4 ({Stronger than} 30... gxf4 31. Rh1 $14) 31. Bc7+ Kd5 32. Bxf4 gxf4 33. Kxf4 {KR-KR} Rh2 (33... Kd4 $17) 34. Rc7 $11 e5+ 35. Ke3 {The position is equal.} b6 36. a4 {[%cal Ba2a4,Ba4a5][%mdl 32]} Rb2 37. Rb7 Rxb3 {Hoping for ...e4.} 38. a5 $1 b5 {White must now prevent ...Ra3.} 39. Rd7+ $1 Kc6 40. Ra7 Kd5 (40... b4 $5 {[%cal Rc6b5]} 41. Rxa6+ Kb5 $15) 41. Rd7+ Kc5 {...Ra3 is the strong threat.} 42. Ra7 b4 {Threatens to win with ...Kb5.} (42... Kb4 $5 {[%cal Rb4a5]} 43. Rxa6 Ra3 $15) 43. Rxa6 Kb5 44. Re6 Kxa5 45. Rxe5+ Ka4 46. Kd2 Rc3 47. d4 Ka3 (47... Rc4 $5 {[%cal Rc4d4]}) 48. Rb5 Rc4 49. Kd3 Rc3+ 50. Kd2 Rh3 (50... Ka4 $5 {[%cal Ra4b5]} 51. Rb6 Kb3 $11) 51. d5 Rh5 52. Kc2 {[%cal Rb5a5]} Rh2+ 53. Kc1 Rh5 54. Kc2 {[%cal Rb5a5]} Ka4 (54... Rh2+ {looks sharper.}) 55. Rc5 Rh2+ 56. Kb1 Ka3 57. d6 Rd2 58. Rc6 Kb3 {Strongly threatening ...Rd1+.} 59. Kc1 Rd5 60. Rb6 {Precision: White = 66%, Black = 67%.} 1/2-1/2

[Event "36th Zalakaros Festival 2017"]
[Site "Zalakaros"]
[Date "2017.05.23"]
[Round "6"]
[White "Nisipeanu, Liviu-Dieter"]
[Black "Mihok, Oliver"]
[Result "1-0"]
[WhiteElo "2686"]
[BlackElo "2532"]
[Annotator "TA"]
[PlyCount "75"]
[EventDate "2017.??.??"]
[EventType "swiss"]
[EventCountry "HUN"]
[SourceTitle "playchess.com"]
[Source "ChessBase"]
[SourceQuality "1"]

{[%evp 22,75,30,26,29,38,40,37,39,42,35,34,47,17,30,30,38,35,41,36,41,39,46,34,48,60,58,41,43,33,46,45,59,60,66,60,75,76,83,78,120,120,145,145,214,193,279,279,266,269,526,510,29985,29986,29996,29997]} 1. Nf3 c5 2. c4 Nc6 3. Nc3 g6 4. e3 Nf6 5. d4 cxd4 6. exd4 d5 7. cxd5 Nxd5 8. Qb3 Nxc3 9. Bc4 Nd5 10. Bxd5 e6 11. Bxc6+ bxc6 12. O-O f6 {A35: Symmetrical English: 2 Nc3 Nc6 3 Nf3} 13. Be3 Qd5 14. Nd2 Ba6 {White is slightly better.} 15. Rfc1 Qxb3 16. Nxb3 Kd7 {[#]} 17. Bf4 $146 ({Predecessor:} 17. Nc5+ Bxc5 18. Rxc5 Bd3 19. f3 g5 20. Rac1 {½-½ (70) Nepomniachtchi,I (2723)-Inarkiev,E (2693) Poikovsky 2013}) 17... g5 18. Bg3 h5 {[#] Threatens to win with ...h4.} 19. h4 g4 20. Nc5+ Bxc5 $1 21. Rxc5 Bd3 22. Re1 Bb5 23. b3 Bd3 24. Re3 Bf5 25. Ra5 $36 {[%mdl 2048] White has good play.} a6 26. Bf4 Ra7 27. Rc3 Be4 28. Rc4 Bd5 29. Rb4 Be4 30. Rb6 Bd3 31. f3 gxf3 32. gxf3 Bb5 (32... Ke7 $16 33. Kf2 (33. Rxc6 Bb5 $16) 33... Rc8) 33. a4 $18 Be2 (33... Bd3 $142 34. Rc5 Re8 35. Rcxc6 (35. Rbxc6 Ke7 $18) 35... Rb7 36. Rd6+ (36. Rxb7+ Kxc6 37. Rc7+ Kd5 $16) 36... Kc8 37. Rdc6+ (37. Rxe6 Rxe6 38. Rxe6 Rxb3 $16) 37... Kd7 38. Rd6+ (38. Rxb7+ Kxc6 39. Rc7+ Kd5 $16) 38... Kc8 39. Rdc6+ (39. Rxe6 Rxe6 40. Rxe6 Rxb3 $16) 39... Kd7) 34. Kf2 Bd3 35. Rc5 Rc8 $2 {[#]} (35... e5 {might work better.}) 36. Bb8 Ra8 (36... Rxb8 $18 37. Rxb8 Kc7) 37. Rb7+ Ke8 38. Rxh5 {Precision: White = 94%, Black = 36%.} 1-0

[Event "36th Zalakaros Festival 2017"]
[Site "Zalakaros"]
[Date "2017.05.23"]
[Round "6"]
[White "Kovalenko, Igor"]
[Black "Ikeda, Junta"]
[Result "1-0"]
[WhiteElo "2657"]
[BlackElo "2412"]
[Annotator "TA"]
[PlyCount "69"]
[EventDate "2017.??.??"]
[EventType "swiss"]
[EventCountry "HUN"]
[SourceTitle "playchess.com"]
[Source "ChessBase"]
[SourceQuality "1"]

{[%evp 11,69,10,18,15,15,6,30,31,32,29,29,32,22,12,97,100,97,104,99,97,119,126,112,105,113,116,159,90,95,92,165,171,171,165,172,138,143,143,143,145,147,147,155,143,150,137,153,135,149,137,175,160,191,171,225,215,214,212,230,237]} 1. c4 e6 2. Nc3 d5 3. d4 c6 4. e4 Bb4 5. exd5 exd5 6. Nf3 Nf6 7. Bd3 {C01: French: Exchange Variation} O-O 8. O-O h6 9. h3 {White has an edge.} dxc4 10. Bxc4 Nbd7 11. Bb3 $146 ({Predecessor:} 11. Ne5 Nxe5 12. dxe5 Qxd1 13. Rxd1 Bxc3 14. bxc3 Ne4 {1-0 (49) Gaponenko,I (2469)-Pustovoitova,D (2319) Moscow 2010}) 11... Nb6 12. Qd3 $36 {[%mdl 2048] White has some pressure.} Re8 {[#]} (12... Nbd5 $11) 13. Bxh6 $1 $16 {[%mdl 512]} Be6 (13... gxh6 14. Qg6+) 14. Bxe6 Rxe6 15. Bg5 Bxc3 16. bxc3 Qd5 17. Bxf6 Rxf6 18. Rfe1 Qb5 19. Rad1 (19. Qd1 $142) 19... Qxd3 20. Rxd3 Re6 (20... Rb8 $16 {was worth a try.}) 21. Rxe6 $18 {White is clearly better.} fxe6 {[%mdl 4096] Endgame KRN-KRN} 22. Ng5 Re8 23. f4 Nd5 24. g3 b5 25. Kf2 Kf8 26. Ke2 Ke7 27. Rf3 Rb8 28. Ne4 a5 29. Kd2 Rh8 30. h4 Rd8 {[#]} 31. Kd3 $1 Rb8 32. Rf1 g6 (32... b4 $142 33. Rb1 g6) 33. Re1 Nc7 34. Nc5 a4 35. Re5 {Precision: White = 72%, Black = 50%.} 1-0

[Event "36th Zalakaros Festival 2017"]
[Site "Zalakaros"]
[Date "2017.05.23"]
[Round "6"]
[White "Nabaty, Tamir"]
[Black "Papp, Gabor"]
[Result "1-0"]
[WhiteElo "2640"]
[BlackElo "2592"]
[Annotator "TA"]
[PlyCount "59"]
[EventDate "2017.??.??"]
[EventType "swiss"]
[EventCountry "HUN"]
[SourceTitle "playchess.com"]
[Source "ChessBase"]
[SourceQuality "1"]

{[%evp 18,59,51,36,40,50,42,42,41,37,69,67,70,65,104,106,114,100,120,103,163,164,299,272,283,260,287,275,275,270,288,246,273,219,212,223,893,889,886,885,879,868,821,787]} 1. c4 c5 2. Nf3 g6 3. d4 cxd4 4. Nxd4 Nc6 5. e4 Nf6 6. Nc3 d6 7. Be2 Nxd4 8. Qxd4 Bg7 9. Be3 O-O 10. Qd2 a5 {B36: Sicilian: Maroczy Bind: Gurgenidze System} (10... Qa5 11. f3 Be6 12. Rc1 Rfc8 13. b3 a6 14. Na4 Qxd2+ 15. Kxd2 Rc6 16. g4 Kf8 17. Nb6 Rb8 18. Nd5 Rcc8 19. Nf4 Bd7 20. g5 Ng8 21. Nd5 e6 {½-½ (65) Giri,A (2785)-Zvjaginsev,V (2661) Sochi 2017}) 11. O-O a4 12. Bd4 Qa5 {White is slightly better.} 13. Rad1 Be6 14. f4 Rfe8 15. Qe3 Bg4 $146 ({Predecessor:} 15... Rac8 16. b3 axb3 17. axb3 Ng4 18. Qd3 Bxd4+ 19. Qxd4 {1-0 (29) Sean,W (2364)-Hujbert,F (2444) Budapest 2014}) 16. e5 Bxe2 17. Qxe2 Nd7 {[%cal Rd6e5]} 18. Nb5 Nf8 {[#]} (18... dxe5 $16 19. fxe5 Rad8) 19. Qf2 $1 $18 Ne6 {[#]} (19... Qb4 {keeps fighting.}) 20. Bc3 $1 {[%cal Rc3a5]} Qd8 21. f5 gxf5 22. exd6 Bxc3 23. bxc3 f4 24. d7 Rf8 25. Rd5 Kh8 26. Nd4 {Threatens to win with Rb1.} Ra5 $2 (26... Nc7) 27. Nxe6 {White is clearly winning.} fxe6 28. Qd4+ Kg8 29. Rxa5 Qxa5 30. Rxf4 {Precision: White = 89%, Black = 44%.} 1-0

[Event "36th Zalakaros Festival 2017"]
[Site "Zalakaros"]
[Date "2017.05.23"]
[Round "6"]
[White "Zubov, Alexander"]
[Black "Chernyshov, Konstantin"]
[Result "1-0"]
[WhiteElo "2604"]
[BlackElo "2485"]
[Annotator "TA"]
[PlyCount "137"]
[EventDate "2017.??.??"]
[EventType "swiss"]
[EventCountry "HUN"]
[SourceTitle "playchess.com"]
[Source "ChessBase"]
[SourceQuality "1"]

{[%evp 9,137,29,27,27,29,15,26,10,13,14,14,13,14,13,18,18,53,50,49,0,35,40,68,68,116,79,104,99,111,76,81,62,103,81,110,75,76,80,108,62,77,58,57,58,85,102,91,94,59,62,122,119,137,95,106,99,107,0,103,89,97,87,83,0,102,89,101,101,115,100,105,92,118,118,112,111,99,96,106,83,101,91,147,135,139,92,109,61,60,0,102,81,100,92,95,75,85,48,86,87,85,30,30,30,30,30,200,30,127,121,118,121,126,122,122,128,255,255,446,350,443,445,976,884,29982,29983,29982,29983,29983,29984]} 1. d4 e6 2. c4 b6 3. Nc3 Bb7 4. a3 f5 5. Bf4 (5. Nf3 Nf6 6. Bf4 Be7 7. e3 Nh5 8. d5 Nxf4 9. exf4 Bf6 10. Rc1 O-O 11. Be2 Na6 12. b4 c5 13. dxc6 dxc6 {0-1 (44) Matlakov,M (2682)-Georgiev,K (2624) Tallinn 2016}) 5... Nf6 6. e3 {A40: Unusual replies to 1 d4} Be7 7. d5 O-O 8. Nf3 {[%cal Bg1f3,Bf3d2,Bd2e4,Be4d6][%mdl 32] White has an edge.} Ne4 9. Nxe4 fxe4 10. Nd2 exd5 11. cxd5 Bxd5 12. Qc2 $36 {[%mdl 2048] White is pushing.} c5 $146 ({Predecessor:} 12... Nc6 13. Nxe4 Rxf4 14. exf4 {½-½ (29) Pribyl,R (2158)-Ondrejat,M (2072) Brno 2004}) 13. Nxe4 Nc6 14. Bg3 (14. Nc3 $5 {[%cal Rc3d5]} Be6 15. Bd3 $14) 14... Bf7 15. Nd6 Bg6 16. Qd2 Bf6 17. Be2 Qe7 18. O-O Be5 19. Rad1 Bxg3 20. hxg3 Rab8 21. Qd5+ Kh8 22. Bd3 Bxd3 23. Rxd3 Ne5 24. Qe4 Qe6 25. Rd5 Ng4 26. Rd2 Qxe4 27. Nxe4 Rbe8 28. Nd6 Re6 29. e4 Ne5 (29... Rff6 $14 30. Nb5 Rxe4) 30. f3 $16 a6 31. Rfd1 Nc6 32. Rd5 Ne7 33. R5d2 Nc6 $1 34. g4 g6 35. Rd5 Ne7 36. R5d2 Nc6 37. Nc4 Nd4 38. Ne3 Kg7 39. Nd5 Rc6 40. Kf2 b5 41. Nc3 d6 42. Ne2 Nxe2 43. Kxe2 {[%mdl 4096] Endgame KRR-KRR} Rd8 44. Rd5 c4 45. Kd2 Rb8 (45... Kf7 $142) 46. Kc3 Rbb6 47. Kb4 h6 48. R1d4 Kf7 49. Rd1 Kg7 $1 50. Ka5 Kf7 51. f4 Kg7 52. g3 Kf7 53. R5d4 Kg7 54. Kb4 Kf7 55. Kc3 ({White should play} 55. R1d2 $16) 55... a5 $11 56. Kc2 b4 57. a4 Ke7 $2 (57... Ra6 $11 {and Black stays safe.}) 58. Rd5 $2 ({Only move:} 58. Rh1 $1 $18) 58... Rc5 (58... c3 $1 $11) 59. Rxc5 $1 $16 dxc5 {KR-KR} 60. e5 Ke6 61. Rh1 Kd5 62. Rxh6 Kd4 (62... Re6 $16) 63. Rh1 $18 b3+ $2 (63... Kd5 64. Rd1+ Ke6) 64. Kb1 c3 65. bxc3+ Kxc3 (65... Kd5 $142 66. Rd1+ Ke6) 66. f5 {[%cal Bf4f5,Bf5f6,Bf6f7][%mdl 32]} c4 67. f6 {White mates.} Rb8 68. f7 b2 69. Rh2 {Precision: White = 71%, Black = 47%.} (69. e6 {is a self mate.} Kb3 70. Rh2 c3 71. e7 {[#]} Rh8 $1 {[%mdl 512]} 72. f8=Q c2+ $1 {[%mdl 512]} 73. Rxc2 Rh1+ 74. Qf1 Rxf1+ 75. Rc1 bxc1=R#) 1-0

[Event "36th Zalakaros Festival 2017"]
[Site "Zalakaros"]
[Date "2017.05.23"]
[Round "6"]
[White "Prohaszka, Peter"]
[Black "Gasanov, Eldar"]
[Result "1/2-1/2"]
[WhiteElo "2596"]
[BlackElo "2484"]
[Annotator "TA"]
[PlyCount "261"]
[EventDate "2017.??.??"]
[EventType "swiss"]
[EventCountry "HUN"]
[SourceTitle "playchess.com"]
[Source "ChessBase"]
[SourceQuality "1"]

{[%evp 30,261,30,27,39,38,42,50,47,37,43,37,65,61,64,48,55,48,43,41,63,64,89,89,97,97,97,97,97,97,97,84,97,97,97,89,97,97,97,89,115,100,107,97,100,97,101,89,89,78,77,79,84,78,113,113,113,113,113,113,113,113,113,113,113,113,113,68,20,53,53,7,7,0,113,7,7,7,7,7,7,7,7,7,7,7,7,7,7,7,7,7,7,7,7,7,7,7,7,7,7,7,7,7,7,7,7,7,7,7,7,7,7,0,7,7,7,7,7,7,7,7,7,7,7,7,7,7,7,7,7,7,7,7,7,7,7,7,7,0,7,0,7,7,7,7,7,0,7,7,7,0,7,0,7,0,7,0,7,7,7,7,7,7,7,7,7,7,7,7,7,7,7,7,7,7,7,7,7,7,7,7,7,7,7,7,7,7,7,7,7,7,8,8,8,8,8,8,8,8,8,0,0,0,8,8,8,8,8,8,8,8,8,8,8,8,8,8,8,0,0,0,0,0,0,0,0,0,0,0,0,0,0,0]} 1. d4 f5 2. g3 Nf6 3. Bg2 g6 4. c4 Bg7 5. Nf3 O-O 6. O-O d6 7. Nc3 c6 8. d5 e5 9. dxe6 Bxe6 10. b3 Na6 11. Ng5 Qe7 12. Nxe6 Qxe6 13. Bb2 Rad8 14. Qc2 Rfe8 15. Rad1 Nc5 16. e3 {LiveBook: 21 Games. A88: Dutch Defence: Leningrad System: 5 Nf3 0-0 6 0-0 d6 7 Nc3 c6} Rd7 (16... Nce4 17. Nxe4 fxe4 18. Rd2 d5 19. cxd5 cxd5 20. Qc5 b6 21. Qb5 Nh5 22. Ba3 Bf8 23. Bb2 Bg7 {0-1 (37) Gelfand,B (2739)-Nakamura,H (2759) Wijk aan Zee 2012}) 17. b4 Nce4 18. Nxe4 {White is slightly better.} Nxe4 19. Bxg7 Kxg7 20. Rd4 Nf6 21. Rfd1 a6 22. a4 Qe5 $146 ({Predecessor:} 22... Red8 23. b5 c5 {½-½ (36) Chomicki,H (2106)-Fritsche,F (2374) ICCF email 2006}) 23. b5 (23. Qb3 {keeps more tension.} Red8 24. Qb1 Ra8 25. a5 Kh8 26. Qd3) 23... axb5 24. cxb5 cxb5 25. axb5 Qxb5 26. Rxd6 Rxd6 27. Rxd6 {[#] Hoping for Qc7+.} Re7 28. Qc3 Qe5 29. Qxe5 Rxe5 30. Bxb7 $16 {[%mdl 4096] Endgame KRB-KRN} Re7 31. Bf3 Ra7 32. Kg2 Rc7 33. h3 h5 34. Rb6 Re7 35. Rb4 Kf7 36. Rc4 Re5 37. Kf1 Re7 38. Ke2 Ra7 39. g4 hxg4 40. hxg4 Ra2+ 41. Kf1 fxg4 42. Bxg4 Nxg4 43. Rxg4 {KR-KR} Ra5 44. Kg2 g5 45. Rb4 Kg6 46. Rb6+ Kh5 47. Kg3 Ra1 48. Rf6 Rg1+ 49. Kf3 (49. Kh2 $5 {[%cal Rh2g1]} Ra1 50. Kg3 $16) 49... Ra1 50. Ke4 Ra4+ 51. Kf3 Rb4 (51... Ra1 $1 $11) 52. Ke2 ({Better is} 52. Rf8 $16) 52... g4 $11 {The position is equal.} 53. Kf1 Kg5 {[#] ...Rb1+ is the strong threat.} 54. Rf8 Rb1+ 55. Kg2 Ra1 56. Rh8 Rb1 57. Rh1 Rb8 58. Kg3 {And now Rh4 would win.} Rf8 59. Rh7 Rf3+ 60. Kg2 Rf8 61. Rg7+ Kh4 62. Kf1 Kh5 63. Ke2 Ra8 64. Rf7 Kg6 65. Rf4 Kg5 66. Kf1 Ra1+ 67. Kg2 Rb1 68. Ra4 (68. Kg3 $5 {[%cal Rf4g4]} Rg1+ 69. Kh2 $16) 68... Re1 69. Ra5+ Kh4 70. Rf5 Ra1 71. Rf8 Rb1 72. Rg8 Ra1 73. Rh8+ Kg5 74. Rh1 Ra8 75. Rb1 Rf8 76. Rb5+ Kh4 77. Rb4 Kg5 78. Rc4 Rf7 79. Rc8 Rf6 80. Rc5+ Kh4 81. Rc4 Kg5 82. Rc8 Kh4 83. Kf1 Ra6 84. Rf8 Kg5 85. Kg2 {White wants to play Kg3.} Ra1 86. Rb8 Rc1 87. Rb5+ Kh4 $1 88. Rf5 Ra1 89. Rf7 Rb1 90. Rf4 Kg5 91. Rf8 Kh4 92. Rh8+ Kg5 93. Rh1 Rb8 94. Ra1 Kh4 95. Re1 Kg5 96. e4 {aiming for e5.} Re8 97. Kg3 Re5 98. Re3 Re6 99. e5 Kf5 100. Re1 Kg5 $1 101. Re4 Kf5 102. Rxg4 (102. Re2 {is interesting.} Kg5 103. Re1 Kf5 104. Rh1 Kg5 105. Rh8) 102... Kxe5 103. Ra4 Kf6 104. Kf4 Rb6 105. f3 Rc6 106. Kg4 Rb6 107. Rf4+ Kg7 108. Rf5 Rb4+ 109. Kg5 Rb6 110. Ra5 Rb7 111. f4 Rc7 112. Ra6 Rb7 113. f5 Rc7 114. Rg6+ Kf8 115. Rh6 Rg7+ 116. Rg6 Ra7 117. Rf6+ Kg7 118. Rb6 Kf7 119. Rh6 {Rh7+ would kill now.} (119. Rc6 {feels hotter.} Kg7 120. Rc5 Kf7 121. Rc8 Ra6 122. Rc1) 119... Kf8 (119... Kg7 {with more complications.} 120. Rc6 Kf7 121. Rc5 Ra6 122. Rc2 Rb6) 120. Rh8+ Kg7 121. Re8 Kf7 122. Rb8 Rc7 123. Rh8 {White threatens Rh7+ and mate.} (123. Ra8 $5 {[%cal Ra8a6]}) 123... Kg7 (123... Rc6 {is interesting.} 124. Rd8 Ra6 125. Rd2 Ra7 126. Rh2 Ra6) 124. Rh6 (124. Rd8 {looks sharper.} Rc6 125. Rd7+ Kg8 126. Re7 Kf8 127. Rh7) 124... Rc1 {Threatens to win with ...Rg1+.} 125. Re6 (125. f6+ {is more complex.} Kg8 126. f7+ Kg7 127. Rb6 Rg1+ 128. Kf5) 125... Rg1+ 126. Kf4 Kf7 127. Re3 Kf6 128. Re6+ Kf7 129. Rg6 Rxg6 130. fxg6+ Kxg6 131. Ke4 {Precision: White = 60%, Black = 82%.} 1/2-1/2

[Event "36th Zalakaros Festival 2017"]
[Site "Zalakaros"]
[Date "2017.05.23"]
[Round "6"]
[White "Svane, Rasmus"]
[Black "Livaic, Leon"]
[Result "1-0"]
[WhiteElo "2573"]
[BlackElo "2464"]
[Annotator "TA"]
[PlyCount "67"]
[EventDate "2017.??.??"]
[EventType "swiss"]
[EventCountry "HUN"]
[SourceTitle "playchess.com"]
[Source "ChessBase"]
[SourceQuality "1"]

{[%evp 11,67,16,41,24,50,23,13,18,24,23,36,26,52,55,92,96,68,78,89,81,81,66,95,95,122,124,158,160,158,144,147,137,137,132,152,134,120,104,62,109,404,248,245,252,379,370,406,394,916,904,29969,29971,29979,29980,29985,29986,29984,29985]} 1. Nf3 Nf6 2. g3 b6 3. d4 e6 4. Bg2 Bb7 5. c4 Bb4+ 6. Bd2 c5 7. d5 {E16: Queen's Indian: 4 g3 Bb7 5 Bg2 Bb4+} (7. Bxb4 cxb4 8. O-O O-O 9. Qb3 a5 10. a3 Na6 11. Nbd2 d6 12. Rfd1 Qd7 13. Qd3 Rfe8 14. Ne1 Bxg2 15. Kxg2 Qc7 16. Nc2 bxa3 17. bxa3 Nb8 18. Rab1 Nbd7 19. e4 e5 {1-0 (55) Vidit,S (2689)-Akopian,V (2675) Doha 2016}) 7... Bxd2+ 8. Qxd2 O-O {[%cal Re6d5]} 9. Nc3 {The position is equal.} exd5 10. cxd5 d6 11. O-O Nbd7 $146 ({Predecessor:} 11... a6 12. a4 Re8 13. Nh4 Nbd7 14. e4 Nf8 15. f4 Qd7 16. Rac1 {1-0 (27) Guo,Q (2048)-Davletbayeva,M (2155) Gaziantep 2008}) 12. Nh4 Ne5 13. f4 Ng6 14. Nxg6 hxg6 15. e4 {[%cal Be2e4,Be4e5][%mdl 32]} Re8 16. Rfe1 Ng4 17. Rad1 a6 18. h3 Nh6 {[#]} 19. g4 $1 f6 {[#]} 20. e5 $1 fxe5 21. fxe5 dxe5 22. Qd3 Kh7 23. d6 Bxg2 24. Kxg2 Ra7 25. Ne4 $36 {[%mdl 2048] Hoping for d7. White is in control.} Rf8 $2 {[%mdl 8192]} (25... Nf7 $16 {was worth a try.}) 26. Rf1 Rxf1 27. Rxf1 (27. Kxf1 Rd7 $14) (27. Qxf1 Nf7 $14) 27... Rf7 (27... Kh8 $142 28. Qd5 Qe8) 28. Qd5 $18 Rxf1 29. Kxf1 Qf8+ $2 (29... Qd7 30. Ng5+ (30. Qxe5 Nf7 $16) 30... Kh8) 30. Kg1 Nf7 31. d7 {White mates.} Nd8 32. Qxe5 Nc6 33. Ng5+ Kh6 34. Qe8 {Precision: White = 79%, Black = 35%.} 1-0

[Event "36th Zalakaros Festival 2017"]
[Site "Zalakaros"]
[Date "2017.05.23"]
[Round "6"]
[White "Aleksandrov, Aleksej"]
[Black "Kozak, Adam"]
[Result "1/2-1/2"]
[WhiteElo "2559"]
[BlackElo "2411"]
[Annotator "TA"]
[PlyCount "51"]
[EventDate "2017.??.??"]
[EventType "swiss"]
[EventCountry "HUN"]
[SourceTitle "playchess.com"]
[Source "ChessBase"]
[SourceQuality "1"]

{[%evp 13,51,-10,0,-7,11,7,9,9,7,9,13,11,8,5,22,0,0,10,18,0,0,0,0,-37,-30,-18,-28,-22,0,0,-4,-81,-81,-74,-81,-82,-74,-81,-63,-60]} 1. d4 Nf6 2. c4 e6 3. Nc3 Bb4 4. e3 O-O 5. Bd3 d5 6. cxd5 exd5 7. Nge2 Re8 8. Bd2 {E48: Nimzo-Indian: Rubinstein: 5 Bd3 d5 including 6 Ne2, but excluding 6 a3} c5 (8... c6 9. O-O Bd6 10. Ng3 Nbd7 11. Rc1 Nf8 12. f3 Ne6 13. Be1 a6 14. Bf2 c5 15. Re1 cxd4 16. exd4 {½-½ (67) Eljanov,P (2759)-Hou,Y (2651) Sharjah 2017}) 9. a3 Bxc3 $1 10. Bxc3 {The position is equal.} c4 11. Bc2 Nc6 12. O-O b5 13. b3 $146 ({Predecessor:} 13. b4 Bg4 14. f3 Bh5 15. Bd2 Bg6 16. Bxg6 hxg6 {0-1 (47) Valsecchi,A (2479)-Ortega,L (2473) Rome 2016}) 13... Ne4 {[%cal Bf6e4,Be4d6,Bd6b5][%mdl 32]} 14. bxc4 bxc4 15. Be1 Rb8 16. f3 Nd6 17. Bf2 Bf5 18. Ba4 (18. Rb1 $5) 18... Nb5 $36 {[%mdl 2048] Black has some pressure.} 19. Rc1 a6 20. Re1 Rc8 21. e4 dxe4 22. Bxb5 (22. fxe4 $11 Bxe4 23. Rxc4) 22... axb5 $17 23. Nc3 {[%cal Rf3e4] [#]} e3 $1 {[%mdl 512]} 24. Rxe3 Rxe3 25. Bxe3 b4 26. axb4 {Precision: White = 70%, Black = 56%.} 1/2-1/2